Earthquakes

Bibliographic Details
Main Author: Walker, Jane
Format: Book
Published: London : Gloucester Press , 1992
Series:Natural disasters
Subjects:

MARC

LEADER 00000cam a2200000 7i4500
001 0000005541
002 000005991
005 20060126.0
020 |a 0749607599 
090 0 0 |a 904   |b WAL 
100 1 |a Walker, Jane 
245 1 0 |a Earthquakes   |c Jane Walker 
260 |a London :   |b Gloucester Press ,   |c 1992 
300 |a 32p ;   |c 29 cm. 
490 0 |a Natural disasters 
650 0 0 |a Earthquakes   |x Juvenile literature 
999 |a 026955   |b BUKU   |c JUNIOR BOOKS   |e PERPUSTAKAAN KOMUNITI PETALING JAYA